Statistiken für Geschichte nach Buchstabe - D

Klicken Sie hier um das Quiz zu spielen!

Allgemein

  • Dieses Quiz wurde 2.295 mal gespielt
  • Das Durchschnittsergebnis liegt bei 12 aus 22

Antwortstatistiken

HinweisAntwort% Korrekt
Maler der Mona LisaLeonardo da Vinci
98%
Deutsche Stadt, die Opfer von Luftangriffen wurdeDresden
89%
"Zur Entstehung der Arten"Charles Darwin
87%
Vorgänger von Mercedes-BenzDaimler
78%
6. Juni 1944 in der NormandieD-Day
73%
Surrealist, der schmelzende Uhren malteSalvador Dali
72%
Erster US-StaatDelaware
72%
Reinkarnierter Führer, flüchtete aus TibetDalai Lama
71%
Hauptstadt im Nahen Osten, eine der ältesten Städte der WeltDamaskus
68%
Alfred Nobels ErfindungDynamit
62%
Ausdruck für einen keltischen PriesterDruide
54%
Land, das im Unternehmen Weserübung eingenommen wurdeDänemark
51%
Titel der Oberhäupter VenedigsDoge
50%
Der erste, der direkt von Portugal nach Indien segelteVasco da Gama
48%
Autor von "Oliver Twist"Charles Dickens
46%
Französischer Präsident, 1959-1969Charles de Gaulle
46%
Er dachte, also war erRene Descartes
36%
Erster englischer WeltumseglerFrancis Drake
27%
"Großer" persischer König, wird in fünf Bibelbüchern erwähntDarius
23%
Region eines Völkermords im westlichen SudanDarfur
22%
Gründerin und erste Königin von KarthagoDido
19%
Konservativer, ursprünglich jüdischer PM GroßbritanniensBenjamin Disraeli
14%

Verteilung der Resultate

Perzentil nach korrekt beantworteten Fragen

Anzahl Personen mit jedem Resultat

Ihre Resultats-Entwicklung

Sie haben dieses Quiz noch nicht gespielt